000 00379nam a2200109 4500
999 _c13180
_d13180
008 190211b ||||| |||| 00| 0 eng d
245 _aRebuilding lives through hydration, nutrition, and music:
_bCoca-cola system provides aid to Marawi evacuees.
260 _aPhilippines
_bThe Philippine Star
_cc2017
300 _apage 17.
650 0 _936861
_aDisaster relief.
942 _2ddc
_cPER